[Event "Koge op 4th"]
[Site "Koge"]
[Date "2023.04.23"]
[Round "6"]
[White "Henriksen, Kasper"]
[Black "Pedersen, Braad Claes"]
[Result "1/2-1/2"]
[WhiteElo "2130"]
[BlackElo "1900"]
[PlyCount "65"]
[EventDate "2023.04.21"]
[EventType "swiss"]
[EventRounds "7"]
[EventCountry "DEN"]
[SourceTitle "EXT 2024"]
[Source "ChessBase"]
[SourceDate "2023.10.10"]
[SourceVersion "1"]
[SourceVersionDate "2023.10.10"]
[SourceQuality "1"]

1. d4 Nf6 2. c4 e6 3. Nc3 Bb4 4. e3 0-0 5. Nge2 Ne4 6. a3 Nxc3 7. Nxc3 Bxc3+ 8. bxc3 d6 9. Bd3 Nd7 10. 0-0 Qe7 11. f3 e5 12. Qc2 h6 13. f4 Nf6 14. e4 c5 15. Bb2 b6 16. Rae1 Nd7 17. Qf2 f6 18. Qh4 Ba6 19. fxe5 dxe5 20. d5 Kh7 21. Bc1 g5 22. Qg4 Rad8 23. Re3 Bc8 24. Qd1 Rf7 25. Be2 Nf8 26. Bg4 Bxg4 27. Qxg4 Rd6 28. Rh3 Ng6 29. g3 Rf8 30. Qh5 Qg7 31. Qe2 Qd7 32. Qh5 Qg7 33. Qe2 1/2-1/2